header

Transcendent mystery in man (Record no. 139818)

MARC details
000 -LEADER
fixed length control field 01247nam a2200337Ia 4500
082 04 - DEWEY DECIMAL CLASSIFICATION NUMBER
Classification number 201/.5
100 1# - MAIN ENTRY--AUTHOR NAME
Personal name Woznicki, Andrew N.
245 10 - TITLE STATEMENT
Title Transcendent mystery in man
260 ## - PUBLICATION, DISTRIBUTION, ETC. (IMPRINT)
Place of publication Bethesda, Md. :
Name of publisher Academica Press,
Year of publication 2006.
300 ## - PHYSICAL DESCRIPTION
Number of Pages xvi, 383 p.
650 #0 - SUBJECT ADDED ENTRY--TOPICAL TERM
Topical Term Spiritual life.
Topical Term Religions.
Topical Term Philosophical anthropology.
Topical Term Humanism.
Topical Term Theological anthropology.
856 40 - ELECTRONIC LOCATION AND ACCESS
Uniform Resource Identifier http://site.ebrary.com/lib/rucke/Doc?id=10171162

No items available.

© 2026 Rongo University
Contact us: librarian | system librarian | Rongo university